书目信息 |
| 题名: |
缓冲/回填材料的热-水-力耦合特性及其应用
|
|
| 作者: | 陈正汉 , 秦冰 著 | |
| 分册: | ||
| 出版信息: | 北京 科学出版社 2017 |
|
| 页数: | 275页 | |
| 开本: | 24cm | |
| 丛书名: | ||
| 单 册: | ||
| 中图分类: | X591 | |
| 科图分类: | ||
| 主题词: | 高放废物--gao fang fei wu--研究 | |
| 电子资源: | ||
| ISBN: | 978-7-03-053516-0 | |
| 000 | 01221nam0 2200265 450 | |
| 001 | 012001003690 | |
| 005 | 20131105110006.0 | |
| 010 | @a978-7-03-053516-0@dCNY90.00 | |
| 099 | @aCAL 012017142373 | |
| 100 | @a20170911d2017 em y0chiy50 ea | |
| 101 | 0 | @achi |
| 102 | @aCN@b110000 | |
| 105 | @aak a 000yy | |
| 106 | @ar | |
| 200 | 1 | @a缓冲/回填材料的热-水-力耦合特性及其应用@Ahuan chong / hui tian cai liao de re - shui - li ou he te xing ji qi ying yong@f陈正汉, 秦冰著 |
| 210 | @a北京@c科学出版社@d2017 | |
| 215 | @a275页@c图@d24cm | |
| 320 | @a有书目 (第260-275页) | |
| 330 | @a本书以我国拟选用的高放废物地质处置库的缓冲/回填材料-高庙子膨润土及其含砂混合料-为对象, 利用研发的高温高压三轴仪、固结仪、渗气仪和三向胀缩仪等设备, 揭示了其热-力学特性 (包括持水特性、变形特性、强度特性、三向膨胀力特性、热-水-力耦合特性) 和渗气特性的规律 ; 以混合物理论和热力学为基础, 构建了缓冲/回填材料的热-水-力耦合分析模型, 研发了有限元法分析软件, 对国内外模型试验进行了全面的数值模拟分析, 取得了良好的结果。 | |
| 606 | 0 | @a高放废物@Agao fang fei wu@x研究 |
| 690 | @aX591@v5 | |
| 701 | 0 | @a陈正汉@Achen zheng han@4著 |
| 701 | 0 | @a秦冰@Aqin bing@4著 |
| 801 | 2 | @aCN@b上海新华@c20191020 |
| 905 | @b1206282-5@dX591@e227@f4 | |
| 缓冲/回填材料的热-水-力耦合特性及其应用/陈正汉, 秦冰著.-北京:科学出版社,2017 |
| 275页:图;24cm |
| ISBN 978-7-03-053516-0:CNY90.00 |
| 本书以我国拟选用的高放废物地质处置库的缓冲/回填材料-高庙子膨润土及其含砂混合料-为对象, 利用研发的高温高压三轴仪、固结仪、渗气仪和三向胀缩仪等设备, 揭示了其热-力学特性 (包括持水特性、变形特性、强度特性、三向膨胀力特性、热-水-力耦合特性) 和渗气特性的规律 ; 以混合物理论和热力学为基础, 构建了缓冲/回填材料的热-水-力耦合分析模型, 研发了有限元法分析软件, 对国内外模型试验进行了全面的数值模拟分析, 取得了良好的结果。 |
| ● |
| 相关链接 |
|
|
|
|
正题名:缓冲/回填材料的热-水-力耦合特性及其应用
索取号:X591/227
 
预约/预借
| 序号 | 登录号 | 条形码 | 馆藏地/架位号 | 状态 | 备注 |
| 1 | 1206282 | 212062827 | 第二样本阅览室/ [索取号:X591/227] | 在馆 | |
| 2 | 1206283 | 212062836 | 第三借阅区/ [索取号:X591/227] | 在馆 | |
| 3 | 1206284 | 212062845 | 第三借阅区/ [索取号:X591/227] | 在馆 | |
| 4 | 1206285 | 212062854 | 第三借阅区/ [索取号:X591/227] | 在馆 |